00916cam a22002657a 45000010009000000050017000090080041000260100017000670200015000840350023000990400030001220420014001520500022001660500023001880820018002112450102002292600078003313000034004094400055004435040053004986500018005516500015005697000044005847000022006281461168320230322174757.0061026s2006 vaua b 001 0 eng d a 2006285032 a1563477890 a(OCoLC)ocm70260300 aUUMcUUMdTTUdBAKERdDLC alccopycat00aTL570b.A693 200614aTL507b.P75 v. 214 a629.1323bJOS00aApplications of circulation control technologies /cedited by Ronald D. Joslin, Gregory S. Jones. aReston, VA :bAmerican Institute of Aeronautics and Astronautics,cc2006. axix, 623 p. :bill. ;c24 cm. 0aProgress in astronautics and aeronautics ;vv. 214 aIncludes bibliographical references and indexes. 0aAerodynamics. 0aAerofoils.1 aJoslin, R. D.q(Ronald Douglas),d1963-1 aJones, Gregory S.